1178 1081 1991 1450 1348 1579 1442 1098 1397 1036 1887 1675 1208 1391 1532 1496 1303 1278 1310 1308 1560 1525 1670 1250 1158 1827 1007 1376 1972 1323 1418 1214 1396 1014 1221 1363 1209 1783 1512 1948 1319 1715 1276 1543 1858 1750 1685 1997 1456 1787 1333 1458 1038 1422 1274 1220 1144 1921 1025 1668 1330 1159 1381 1096 1166 1516 1033 1041 1215 1623 1835 1084 1778 1400 1469 1687 1484 1814 1001 1704 1792 1666 1193 1897 1171 1900 1362 1985 1989 1944 1451 1256 1477 1802 1979 1647 1726 1596 1020 BCNSPRNW ULIB Ver.6.0+V

เปลี่ยนเป็นภาษาไทย

Change to English
 แสดงรายละเอียดบรรณานุกรม
  กลับหน้าหลัก

Brief Record : Get Marc (ISO 2709) : E-mail record : QR code < ปิดหน้าต่าง
LEADER : 00000nam 2200000uu 4500
001    13399113323
003     ULIB
008    110627s2552||||th 000 0 tha d
020    9786115000135
090    นว.^bพ961ว 2552
100 0  แพรณัฐ
245 00 วายุภัคมนตรา/^cแพรณัฐ
250    พิมพ์ครั้งที่ 1
260    กรุงเทพฯ :^bพิมพ์คำ,^c2552
300    516 หน้า
710 1  พิมพ์คำ
945    ^p320^l0^i026418
995    ทศพร
999 ^a ใช้งานได้ทุกระบบ
รายการนี้ยังไม่มีแท็ก
คุณยังไม่ได้ล็อกอิน คุณสามารถมีกิจกรรมร่วมกับเว็บไซต์ได้ แต่ต้องล็อกอินก่อน ::
  ล็อกอิน

รายการสื่อสารสนเทศ

ลำดับที่ ประเภท เลขเรียก/บาร์โค้ด สถานที่ สถานะ
- ไม่พบข้อมูล -

รายการใกล้เคียง
    ผู้แต่ง [แพรณัฐ]

BibComment


ยังไม่เคยถูกคอมเมนท์

คอมเมนท์ทรัพยากรรายการนี้
  คอมเมนท์: วายุภัคมนตรา แพรณัฐ


 Copyright 2026. Bcnsprnw @Library